Amorosas (Record no. 151468)

MARC details
000 -LEADER
campo de control de longitud fija 00808nam a22002055i 4500
001 - NÚMERO DE CONTROL
campo de control 151468
003 - IDENTIFICADOR DE NÚMERO DE CONTROL
campo de control ES-MaACL
005 - FECHA Y HORA DE LA ÚLTIMA TRANSACCIÓN
campo de control 20250820142433.0
008 - DATOS DE LONGITUD FIJA--INFORMACIÓN GENERAL
campo de control de longitud fija 040826s1882 sp |||| | spa d
040 ## - FUENTE DE CATALOGACIÓN
Centro catalogador/agencia de origen CAM
Lengua de catalogación spa
Centro/agencia transcriptor CAM
245 00 - MENCIÓN DEL TÍTULO
Título Amorosas
Resto del título : poesías de los principales autores modernos puestas en rima castellana /
Mención de responsabilidad, etc. T. Llorente.
260 ## - PUBLICACIÓN, DISTRIBUCIÓN, ETC.
Lugar de publicación, distribución, etc. Valencia :
Nombre del editor, distribuidor, etc. Librería de Pascual Aguilar,
Fecha de publicación, distribución, etc. 1882 (
Fabricante Imp. de R. Ortega)
300 ## - DESCRIPCIÓN FÍSICA
Extensión 192, [2] p. ;
Dimensiones 15 cm.
490 1# - MENCIÓN DE SERIE
Mención de serie Biblioteca selecta ;
Designación de volumen o secuencia 8
597 ## - NOTA DE DESCRIPCIÓN FÍSICA
NOTA DE DESCRIPCIÓN FÍSICA Antep.
700 1# - ENTRADA AGREGADA--NOMBRE PERSONAL
Nombre de persona Llorente, Teodoro,
Fechas asociadas al nombre 1836-1911
9 (RLIN) 150700
830 0# - PUNTO DE ACCESO ADICIONAL DE SERIE-TÍTULO UNIFORME
Título uniforme Biblioteca selecta ;
Designación de volumen o secuencia 8
9 (RLIN) 182888
852 ## - LOCALIZACIÓN
Ubicación ES-MaACL
Número de control de estantería T-611-F-2
Nota libre -- Enc. hol.
condición física -- Falto de la cub. original
Nota libre -- Las pp.17-32 enc. delante de antep.
-- -- Enc. en un vol. facticio
Holdings
Estatus retirado Estado de pérdida Estado de daño No para préstamo Colección Biblioteca de origen Biblioteca actual Ubicación en estantería Fecha de adquisición Total de préstamos Signatura topográfica completa Código de barras Visto por última vez Precio de reemplazo Tipo de ítem Koha
        Colección de folletos Biblioteca del Ateneo de Madrid Biblioteca del Ateneo de Madrid Depósito folletos 17/01/2008   T-611-F-2 1158039 23/02/2023 23/02/2023 Folleto